000 01457cam a2200301 a 4500
001 17344273
003 NUST
005 20221101123729.0
008 120613s2014 maua b 001 0 eng
010 _a 2012021184
020 _a032184890X
040 _aDLC
_cDLC
_dDLC
042 _apcc
050 0 0 _aQA303.2
_b.G66 2014
082 0 0 _a515, GOL
_223
100 _aGoldstein, Larry J.
_9101542
245 0 0 _aCalculus & its applications.
_cLarry J. Goldstein,David C. Lay, David I. Schneider,Nakhle H. Asmar
246 3 _aCalculus and its applications.
250 _a13th ed. /
_bLarry J. Goldstein ... [et al.].
260 _aBoston :
_bPearson Education,
_cc2014.
300 _a570: pages
_bill. ;
_c29 cm.
505 _aFunctions (Page-1), The Derivative (Page-59), Application of the Derivative (Page-141), Techniques of Differentiation (Page-215), The Exponential and Natural Logarithms Functions (Page-247), Applications of the Exponential and natural Logarithm Function (Page-283), The Definite Integral (Page-321), Functions of Several Variables (Page-381), The Trigonometric Functions (Page-429), Techniques of Integration (Page-459), Differential Equations (Page-503).
650 0 _aCalculus
_vTextbooks.
_94507
700 1 _aGoldstein, Larry Joel.
_9101543
906 _a7
_bcbc
_corignew
_d1
_eecip
_f20
_gy-gencatlg
942 _2ddc
_cBK
999 _c592060
_d592060